Technically Correct Brand Names Quiz Stats

 Plays Quiz Updated Jul 22, 2016

Score 0/25 Timer 03:00
2 Plays Today
Brand (A) (A) or (B) % Correct
Special K???
91.7%
AT and T???
90.8%
FedEx???
90.6%
Netflicks???
89.8%
Master Card???
85.4%
eBay???
84.8%
Ben & Jerry's???
84.5%
Mcdonald's???
84.5%
Geico???
83.2%
B.P.???
82.4%
Merriam Webster???
82%
Capt'n Crunch???
80.6%
Kleenex???
78.6%
Brand (A) (A) or (B) % Correct
PetSmart???
75.3%
Little Caesars???
74.7%
Coca-Cola???
74.3%
Days Inn???
69.1%
HERSHEY'S???
69%
DiGiorno???
65.6%
Chipotle???
63.9%
Baskin Robbins???
50.2%
SC Johnson???
43.7%
Dr. Pepper???
42.7%
Time Warner Cable???
42.1%
tumblr???
39.6%

You're not logged in!

Compare scores with friends on all Sporcle quizzes.
OR
Log In

Show Comments

Extras

Top Quizzes Today


Score Distribution

Your Account Isn't Verified!

In order to create a playlist on Sporcle, you need to verify the email address you used during registration. Go to your Sporcle Settings to finish the process.

Report this User

Report this user for behavior that violates our Community Guidelines.

Details: